What Movie? Back to the Camera II Quiz Stats

 Plays Quiz Updated Dec 30, 2015

Support Sporcle.
Go Orange.
Score 0/25 Timer 08:00
2 Plays Today
% Correct
Rocky
96.8%
Wreck-It Ralph
74%
The Silence of the Lambs
72.8%
Sin City
70%
Stand by Me
69%
American Psycho
64.1%
Mad Max: Fury Road
60.9%
The Dark Knight
60.2%
The Bucket List
51.1%
Fantastic Mr. Fox
44.8%
The King's Speech
44.3%
My Cousin Vinny
44.2%
Close Encounters of the Third Kind
40.1%
% Correct
Fatal Attraction
36.9%
Up in the Air
36.5%
Road to Perdition
34.9%
The Mist
32.5%
One Hour Photo
31.1%
Notting Hill
27.8%
Nebraska
26.9%
Alien
22.2%
An American Werewolf in London
21.9%
Mud
18.7%
The Adjustment Bureau
17.4%
Vertigo
16.5%

You're not logged in!

Compare scores with friends on all Sporcle quizzes.
OR
Log In
Forgot?

From the Vault

Click the '80s Movies

by MSUKent

If you remember anything about the '80s, it's probably the hair.
Remove Ads.
Support Sporcle.
Get the best of Sporcle when you Go Orange. This ad-free experience offers more features, more stats, and more fun while also helping to support Sporcle. Thank you for becoming a member.

Show Comments

Extras

Top Quizzes Today


Score Distribution

Your Account Isn't Verified!

In order to create a playlist on Sporcle, you need to verify the email address you used during registration. Go to your Sporcle Settings to finish the process.

Report this User

Report this user for behavior that violates our Community Guidelines.

Details: